Acerca del alma / Tomás Calvo Martínez, traductor, presentador
Guardado en:
| Hovedforfatter: | |
|---|---|
| Format: | Bog |
| Sprog: | Undetermined |
| Udgivet: |
Madrid, España
Editorial Gredos
2010
|
| Fag: | |
| Tags: |
Tilføj Tag
Ingen Tags, Vær først til at tagge denne postø!
|
MARC
| LEADER | 00000nam a2200000Ia 4500 | ||
|---|---|---|---|
| 008 | 170316s9999 xx 000 0 und d | ||
| 090 | |a 100 A-36aca | ||
| 100 | |a Aristóteles | ||
| 245 | |a Acerca del alma / Tomás Calvo Martínez, traductor, presentador | ||
| 260 | |a Madrid, España | ||
| 260 | |b Editorial Gredos | ||
| 260 | |c 2010 | ||
| 300 | |a 155 páginas | ||
| 650 | |a FILOSOFÍA | ||
| 650 | |a ACERCA DEL ALMA | ||
| 650 | |a ARISTÓTELES | ||
| 999 | |c 15545 |d 15545 | ||
| 040 | |a cru BVZT | ||
| 942 | |c 15 D |h 100 A-36aca |2 z | ||
